000 00657nam a2200193 4500
001 127591
003 ES-MaACL
007 t|
008 070214s1987 xxk r ||||1| eng d
245 0 0 _aRituals of royalty
_b: power and ceremonial in traditional societies /
_cedited by David Cannadine and Simon Price.
260 _aCambridge [etc.] :
_bUniversity Press,
_c1987.
300 _aXI, 349 p. :
_bil. ;
_c23 cm.
490 1 _aPast and present publications
700 1 _aCannadine, David.
_934514
700 1 _aPrice, SImon.
_993846
830 0 _aPast and present publications
_9219208
852 _aES-MaACL
_jG-2933
_bR.115331
999 _c127591
_d127591